Normal view
MARC view
- Sir George Macmunn
Entry Personal Name
001 - CONTROL NUMBER
- control field: 111762
003 - CONTROL NUMBER IDENTIFIER
- control field: NUST
005 - DATE AND TIME OF LATEST TRANSACTION
- control field: 20230406120557.0
008 - FIXED-LENGTH DATA ELEMENTS
- fixed length control field: 230406|| aca||aabn | a|a d
040 ## - CATALOGING SOURCE
- Original cataloging agency: NUST
- Transcribing agency: NUST
100 ## - HEADING--PERSONAL NAME
- Personal name: Sir George Macmunn
670 ## - SOURCE DATA FOUND
- Source citation: Work cat.: (NUST)187048: Rashid, Ahmed 90631, Afghanistan Islam, Oil and the new great game in central Asia /
